Music Quiz

Random Music or Word Play Quiz

Camp Mail Clicky-Oke Quiz Stats

 Plays Quiz Updated Feb 14, 2020

Support Sporcle.
Go Orange.
Score 0/12 Timer 04:00
0 Plays Today
% Correct
01.  here I am at… Camp Granada
92.9%
02.  and they say we'll have some fun if it stops raining.
74.9%
03.  he developed... poison ivy
67.8%
07.  but my bunkmate… has malaria
63.2%
05.  and the lake has… alligators
60.4%
12.  Muddah Fadduh kindly disregard this letter.
60.1%
08.  they're about to organize a searching party.
57.9%
10.  I would even let Aunt Bertha hug and kiss me.
57.8%
09.  how's my precious… little bruddah
57.4%
04.  he got ptomaine poisoning last night after dinner.
55.9%
11.  guys are swimming... guys are sailing
46.4%
06.  so he reads to us from something called Ulysses.
45.3%

From the Vault

Famous New York Yankees by Player Cards

by WillieG

Sports 4m
What do you think rookie cards for other career fields would look like?
Remove Ads.
Support Sporcle.
Get the best of Sporcle when you Go Orange. This ad-free experience offers more features, more stats, and more fun while also helping to support Sporcle. Thank you for becoming a member.

Show Comments

Extras

Top Quizzes Today


Score Distribution

Your Account Isn't Verified!

In order to create a playlist on Sporcle, you need to verify the email address you used during registration. Go to your Sporcle Settings to finish the process.

Report this User

Report this user for behavior that violates our Community Guidelines.

Details: